000
00318nam a2200133Ia 4500
008
190216s9999||||xx |||||||||||||| ||und||
100
_a
Rajagopalan.R
245
0
_a
Computer Science
250
_a
1st Ed.
260
_b
Tata Mcgraw Hill Publishing Company Ltd
_c
1993
300
_a
83
650
_a
Computer
942
_c
BK
999
_c
8447
_d
8447